000 00364nam a2200145Ia 4500
008 180315s9999||||xx |||||||||||||| ||und||
082 _aQZ 4
_bREI
100 _aReid ,Robin .
245 0 _aPathology Illustrated
_cReid ,Robin .
250 _a6th
260 _aEdinburgh
_bChurchill Livingstone Elsevier
_c2008
300 _a677
650 _aPathology
942 _cBK
999 _c5808
_d5808